[Event "Albert Boxer Classic"]
[Site "Winnipeg CAN"]
[Date "2002.08.31"]
[Round "2.5"]
[White "Mu, Yuchen"]
[Black "Kaptsan, Aron"]
[Result "1-0"]
[WhiteElo "1861"]
[BlackElo "2096"]
[PlyCount "43"]
[EventDate "2002.08.31"]
[EventType "swiss"]
[EventRounds "6"]
[EventCountry "CAN"]
[Source "ChessBase"]
[SourceDate "2002.11.25"]

1. e4 e5 2. f4 exf4 3. Nf3 d6 4. Bc4 h6 5. d4 g5 6. Nc3 Bg7 7. Qd3 Nc6 8. Bd2
Bg4 9. Ne2 Nge7 10. O-O-O O-O 11. h4 d5 12. exd5 Bf5 13. Qb3 g4 14. dxc6 gxf3
15. gxf3 Nxc6 16. Rdg1 Kh8 17. Bc3 Qe7 18. Rg2 Qe3+ 19. Kb1 Qxf3 20. Rhg1 Bf6
21. d5 Bxc3 22. dxc6 1-0

[Event "Albert Boxer Classic"]
[Site "Winnipeg CAN"]
[Date "2002.08.31"]
[Round "2.6"]
[White "Schulz, Waldemar"]
[Black "Gustafson, Dale"]
[Result "1-0"]
[WhiteElo "2036"]
[BlackElo "1889"]
[PlyCount "99"]
[EventDate "2002.08.31"]
[EventType "swiss"]
[EventRounds "6"]
[EventCountry "CAN"]

1. d4 Nf6 2. c4 c5 3. d5 b5 4. cxb5 a6 5. b6 d6 6. Nc3 Nbd7 7. e4 g6 8. Nf3 Bg7
9. Be2 O-O 10. O-O Qxb6 11. Qc2 Ng4 12. Nd2 Nde5 13. h3 Nf6 14. f4 Ned7 15. Nc4
Qc7 16. Rd1 Ne8 17. Be3 Nb6 18. Nxb6 Qxb6 19. Rab1 Bd7 20. Na4 Qb4 21. Nc3 Qb6
22. b4 Bd4 23. Qd2 Bxe3+ 24. Qxe3 Rc8 25. e5 Bf5 26. Bd3 Ng7 27. Ne4 Bxe4 28.
Bxe4 Qc7 29. bxc5 Qxc5 30. Qxc5 Rxc5 31. Rdc1 Rfc8 32. Rxc5 dxc5 33. Kf2 Ne8
34. Rb6 c4 35. Rc6 Rxc6 36. dxc6 Nc7 37. Ke3 Kf8 38. Kd4 c3 39. Kxc3 Ke8 40.
Kc4 Kd8 41. Kc5 Kc8 42. Kb6 e6 43. a4 Kb8 44. g4 Kc8 45. f5 Kb8 46. Kc5 Kc8 47.
Bd3 Kd8 48. fxe6 fxe6 49. Kd6 a5 50. Bc4 1-0

[Event "Albert Boxer Classic"]
[Site "Winnipeg CAN"]
[Date "2002.08.31"]
[Round "2.7"]
[White "Katona, John"]
[Black "Lipnowski, Samuel"]
[Result "0-1"]
[WhiteElo "1797"]
[BlackElo "2039"]
[PlyCount "57"]
[EventDate "2002.08.31"]
[EventType "swiss"]
[EventRounds "6"]
[EventCountry "CAN"]

1. e4 c5 2. c3 d5 3. exd5 Qxd5 4. d4 Nf6 5. Nf3 Nc6 6. c4 Qe4+ 7. Be2 cxd4 8.
O-O Bf5 9. Nbd2 Qc2 10. Nb3 Qxd1 11. Rxd1 e5 12. Nh4 Bc2 13. Rd2 Bxb3 14. axb3
Bb4 15. Rd1 O-O-O 16. Nf5 Ne8 17. Bf3 Kb8 18. Bd2 Bxd2 19. Rxd2 g6 20. Nh6 Rf8
21. Ng4 h5 22. Bxc6 hxg4 23. Bxe8 Rfxe8 24. Re1 f5 25. f3 gxf3 26. gxf3 e4 27.
Red1 d3 28. fxe4 fxe4 29. Kg2 0-1

[Event "Albert Boxer Classic"]
[Site "Winnipeg CAN"]
[Date "2002.08.31"]
[Round "2.8"]
[White "Miller, Mark"]
[Black "Cowdrey, Eric"]
[Result "1/2-1/2"]
[WhiteElo "1859"]
[BlackElo "1764"]
[PlyCount "69"]
[EventDate "2002.08.31"]
[EventType "swiss"]
[EventRounds "6"]
[EventCountry "CAN"]

1. e4 c6 2. d4 d5 3. e5 Bf5 4. c3 e6 5. Be3 Nd7 6. Nd2 c5 7. Bb5 cxd4 8. cxd4
a6 9. Ba4 b5 10. Bc2 Ne7 11. Rc1 Rc8 12. Ne2 Bxc2 13. Rxc2 Rxc2 14. Qxc2 Qc8
15. Qd3 Nc6 16. O-O Be7 17. f4 Nb4 18. Qb1 Qc2 19. Qxc2 Nxc2 20. Bf2 Nb4 21.
Nc1 Nb6 22. a3 Nc6 23. Nd3 Nc4 24. Nb3 O-O 25. Nbc5 a5 26. Ra1 a4 27. Kf1 Rc8
28. Ra2 N6a5 29. Ke2 Kf8 30. Be1 Nc6 31. Bf2 Ke8 32. Kd1 g6 33. Kc2 Bxc5 34.
Nxc5 Rb8 35. Nd3 1/2-1/2

[Event "Albert Boxer Classic"]
[Site "Winnipeg CAN"]
[Date "2002.08.31"]
[Round "2.9"]
[White "Lipnowski, Michael"]
[Black "Bell, Dennis"]
[Result "1-0"]
[WhiteElo "1979"]
[BlackElo "1583"]
[PlyCount "69"]
[EventDate "2002.08.31"]
[EventType "swiss"]
[EventRounds "6"]
[EventCountry "CAN"]

1. d4 Nf6 2. c4 e5 3. dxe5 Ng4 4. Nf3 d6 5. Bf4 Nc6 6. exd6 cxd6 7. e3 Bf5 8.
Nc3 Nb4 9. Nd4 Bg6 10. Qxg4 Be7 11. Qd1 O-O 12. Be2 Bf6 13. O-O Bg5 14. Bg3 Qe7
15. a3 Na6 16. Nd5 Qd8 17. Nb5 Nc5 18. Bxd6 Ne4 19. Bxf8 Kxf8 20. Nbc3 Nxc3 21.
Nxc3 Qc7 22. Bd3 Rd8 23. Nd5 Qc6 24. Bxg6 hxg6 25. Qg4 Bh6 26. Qd4 b6 27. a4
Bg5 28. Qg4 Bf6 29. Nxf6 Qxf6 30. b3 Qb2 31. Rad1 Re8 32. Rd7 Qxb3 33. Qf4 Re7
34. Rd8+ Re8 35. Qd6+ 1-0

[Event "Albert Boxer Classic"]
[Site "Winnipeg CAN"]
[Date "2002.08.31"]
[Round "2.11"]
[White "Conway, Edward J"]
[Black "Rasmussen, Barry"]
[Result "0-1"]
[WhiteElo "1645"]
[BlackElo "2240"]
[PlyCount "56"]
[EventDate "2002.08.31"]
[EventType "swiss"]
[EventRounds "6"]
[EventCountry "CAN"]

1. e4 c5 2. Nf3 e6 3. d4 cxd4 4. Nxd4 Nf6 5. Nc3 Nc6 6. Be3 d5 7. exd5 exd5 8.
Bd3 Be7 9. O-O Bg4 10. Qd2 O-O 11. f3 Bd7 12. Kh1 Re8 13. Rae1 Bc5 14. Nxc6
Bxe3 15. Nxd8 Bxd2 16. Rxe8+ Bxe8 17. Nxb7 Rb8 18. Nd6 Rxb2 19. Nxe8 Bxc3 20.
Nxf6+ Bxf6 21. Re1 g6 22. a4 Ra2 23. Bb5 Rxc2 24. g3 Rd2 25. Re2 Rd1+ 26. Kg2
d4 27. Kh3 d3 28. Re8+ Kg7 0-1

[Event "Albert Boxer Classic"]
[Site "Winnipeg CAN"]
[Date "2002.08.31"]
[Round "2.12"]
[White "Nikouline, Alexandre"]
[Black "Curtis, Rory"]
[Result "1-0"]
[WhiteElo "2098"]
[BlackElo "1657"]
[PlyCount "31"]
[EventDate "2002.08.31"]
[EventType "swiss"]
[EventRounds "6"]
[EventCountry "CAN"]

1. e4 c5 2. Nf3 Nc6 3. d4 cxd4 4. Nxd4 e5 5. Nb5 d6 6. a4 Nf6 7. N1c3 a6 8. Na3
Be6 9. Bc4 Bxc4 10. Nxc4 Nxe4 11. Nxe4 d5 12. Bg5 f6 13. Qh5+ g6 14. Nxf6+ Kf7
15. Qf3 Nd4 16. Nxe5+ 1-0

[Event "Albert Boxer Classic"]
[Site "Winnipeg CAN"]
[Date "2002.08.31"]
[Round "2.13"]
[White "Charter, Bennet"]
[Black "Federkevic, Danny"]
[Result "1/2-1/2"]
[WhiteElo "1700"]
[BlackElo "2009"]
[PlyCount "69"]
[EventDate "2002.08.31"]
[EventType "swiss"]
[EventRounds "6"]
[EventCountry "CAN"]

1. e4 e5 2. Nf3 Nc6 3. Bb5 a6 4. Ba4 Nf6 5. O-O Be7 6. Re1 b5 7. Bb3 d6 8. c3
O-O 9. h3 Na5 10. Bc2 c5 11. d4 cxd4 12. cxd4 Qc7 13. Bg5 Nc6 14. Nc3 Bb7 15.
Rc1 Rac8 16. d5 Nb8 17. Bb1 Qd8 18. Qd2 Nbd7 19. Be3 Re8 20. Ne2 Bf8 21. Rxc8
Bxc8 22. Rc1 Nc5 23. Ng3 a5 24. Bxc5 dxc5 25. b3 b4 26. Nf1 Qd6 27. Ne3 Nh5 28.
Nc4 Qf6 29. Qg5 Qxg5 30. Nxg5 Nf4 31. Re1 f6 32. Nf3 Ba6 33. Nxa5 Ne2+ 34. Kh2
Ra8 35. Nc4 1/2-1/2

[Event "Albert Boxer Classic"]
[Site "Winnipeg CAN"]
[Date "2002.08.31"]
[Round "2.14"]
[White "Vincent, Trevor"]
[Black "Gannon, Keith"]
[Result "1-0"]
[WhiteElo "1894"]
[BlackElo "1552"]
[PlyCount "145"]
[EventDate "2002.08.31"]
[EventType "swiss"]
[EventRounds "6"]
[EventCountry "CAN"]

1. c4 c5 2. g3 g6 3. Bg2 Bg7 4. e3 Nf6 5. Ne2 O-O 6. O-O d6 7. d4 Nbd7 8. b3 a6
9. Bb2 Rb8 10. dxc5 Nxc5 11. Nd4 Qc7 12. Na3 Ne6 13. Nac2 Nxd4 14. Nxd4 Bd7 15.
Rc1 Rfc8 16. Qd2 Ne8 17. Rfd1 Qd8 18. b4 Nc7 19. Nb3 Bxb2 20. Qxb2 Ba4 21. Qa3
Bxb3 22. Qxb3 Qf8 23. Rd3 Rd8 24. a3 Ne6 25. Rdc3 b6 26. Qc2 Qe8 27. h4 h5 28.
Bh3 Ng7 29. c5 bxc5 30. bxc5 dxc5 31. Rxc5 Rb5 32. Rc6 a5 33. Bg2 Rdb8 34. Bf3
e6 35. Rc7 Qf8 36. a4 Rb2 37. Qc5 Qxc5 38. R7xc5 Rb1 39. Rxb1 Rxb1+ 40. Kg2 Nf5
41. Rxa5 Ra1 42. Ra8+ Kg7 43. a5 Ra2 44. a6 Nxe3+ 45. Kg1 Ra1+ 46. Kh2 Nf1+ 47.
Kg2 Nd2 48. Bb7 Nc4 49. Rc8 Nd6 50. Rd8 Nb5 51. Rc8 Nd6 52. Rc7 Nxb7 53. axb7
Rb1 54. Kf3 Kf6 55. Ke4 Rb4+ 56. Kd3 e5 57. Kc3 Rb1 58. Kc4 Ke6 59. Kc5 Rc1+
60. Kb6 Rb1+ 61. Ka7 Ra1+ 62. Kb8 f6 63. Kc8 Rb1 64. b8=Q Rxb8+ 65. Kxb8 g5 66.
Rc4 Kf5 67. Kc7 gxh4 68. Rxh4 Kg5 69. Kd6 Kg6 70. Ke6 Kg5 71. f4+ exf4 72. Rxf4
f5 73. Ke5 1-0

[Event "Albert Boxer Classic"]
[Site "Winnipeg CAN"]
[Date "2002.08.31"]
[Round "2.16"]
[White "Klassen, Paul"]
[Black "Strub, Michael"]
[Result "0-1"]
[WhiteElo "1500"]
[BlackElo "1781"]
[PlyCount "62"]
[EventDate "2002.08.31"]
[EventType "swiss"]
[EventRounds "6"]
[EventCountry "CAN"]

1. e4 e5 2. Nf3 Nf6 3. Nxe5 d6 4. Nf3 Nxe4 5. d4 d5 6. Bd3 Nc6 7. O-O Be7 8.
Re1 Bf5 9. Nbd2 Nd6 10. Bxf5 Nxf5 11. Ne5 Nfxd4 12. Ndf3 Ne6 13. b3 Nxe5 14.
Nxe5 O-O 15. Nxf7 Kxf7 16. Qh5+ g6 17. Qxh7+ Ng7 18. Re6 Kxe6 19. Qxg7 Rg8 20.
Qh6 Bf6 21. Qe3+ Kf7 22. c3 Re8 23. Qd2 Bg5 24. f4 Bf6 25. Bb2 Qd6 26. Rd1 Rad8
27. Qf2 Qe6 28. Kf1 Qe3 29. Qc2 Qxf4+ 30. Kg1 Qe3+ 31. Kf1 Re5 0-1

[Event "Albert Boxer Classic"]
[Site "Winnipeg CAN"]
[Date "2002.08.31"]
[Round "2.19"]
[White "Ford, Dana"]
[Black "Gilbert, Nathan"]
[Result "0-1"]
[WhiteElo "1182"]
[BlackElo "1720"]
[PlyCount "57"]
[EventDate "2002.08.31"]
[EventType "swiss"]
[EventRounds "6"]
[EventCountry "CAN"]

1. d4 e6 2. Nc3 Nf6 3. Nf3 d5 4. Bf4 c5 5. Qd2 a6 6. e3 Nc6 7. O-O-O Qa5 8. a3
Bd7 9. Ne5 Be7 10. Nxd7 Nxd7 11. Be2 b5 12. h4 c4 13. Bf3 b4 14. Nb1 c3 15.
Nxc3 bxc3 16. Qxc3 Qxc3 17. bxc3 Bxa3+ 18. Kd2 Na5 19. Be2 Nb6 20. Ra1 Nbc4+
21. Bxc4 Nxc4+ 22. Ke2 O-O 23. Rhb1 a5 24. Kd3 a4 25. e4 Bb2 26. Ra2 a3 27. Bc1
Bxc1 28. Rxc1 Nb2+ 29. Ke2 0-1

[Event "Albert Boxer Classic"]
[Site "Winnipeg CAN"]
[Date "2002.09.01"]
[Round "3.1"]
[White "Vlaovic, George"]
[Black "Schulz, Waldemar"]
[Result "1/2-1/2"]
[WhiteElo "2330"]
[BlackElo "2036"]
[PlyCount "61"]
[EventDate "2002.08.31"]
[EventType "swiss"]
[EventRounds "6"]
[EventCountry "CAN"]
[Source "ChessBase"]
[SourceDate "2002.11.25"]

1. e4 c5 2. Nf3 e6 3. d4 cxd4 4. Nxd4 a6 5. Nc3 b5 6. Bd3 Bb7 7. O-O Ne7 8. Bg5
Qb6 9. Be3 Qd8 10. f4 Nbc6 11. Qf3 Nxd4 12. Bxd4 Nc6 13. Bf2 Be7 14. Qh3 Nb4
15. Bd4 O-O 16. f5 Nxd3 17. cxd3 Rc8 18. Rae1 Bc5 19. Bxc5 Rxc5 20. d4 Rc4 21.
Qe3 Qb6 22. d5 Qxe3+ 23. Rxe3 b4 24. Ne2 exd5 25. exd5 Bxd5 26. Nf4 Bc6 27. f6
Re4 28. Rxe4 Bxe4 29. Rd1 Bc6 30. Nd3 a5 31. Ne5 1/2-1/2

[Event "Albert Boxer Classic"]
[Site "Winnipeg CAN"]
[Date "2002.01.02"]
[Round "3.2"]
[White "Lipnowski, Samuel"]
[Black "Voje, Daniel"]
[Result "1-0"]
[WhiteElo "2039"]
[BlackElo "2235"]
[PlyCount "157"]
[EventDate "2002.08.31"]
[EventType "swiss"]
[EventRounds "6"]
[EventCountry "CAN"]

1. e4 e5 2. Nf3 Nc6 3. Bb5 g6 4. O-O Bg7 5. c3 Nge7 6. d4 a6 7. Ba4 O-O 8. d5
Na7 9. d6 Nec6 10. Bg5 f6 11. Be3 Kh8 12. Bc5 Re8 13. Na3 b5 14. Bb3 cxd6 15.
Bxd6 Ne7 16. Nh4 Rf8 17. Qg4 Nac6 18. Nc2 f5 19. exf5 gxf5 20. Qh3 Rf6 21. Rfd1
Bb7 22. Ne3 Rh6 23. g3 Bf6 24. Nexf5 Nxf5 25. Qxf5 Bxh4 26. gxh4 Rg6+ 27. Kf1
Qxh4 28. Bxe5+ Nxe5 29. Qxe5+ Rg7 30. Bd5 Bxd5 31. Rxd5 Qc4+ 32. Ke1 Kg8 33.
Rd4 Qf7 34. Kf1 Re8 35. Qd5 Re6 36. Re1 Rxe1+ 37. Kxe1 Rg1+ 38. Ke2 Qxd5 39.
Rxd5 Rb1 40. b3 Kf8 41. Rxd7 Ke8 42. Rxh7 Rb2+ 43. Ke3 Rxa2 44. b4 Rc2 45. Rc7
Kd8 46. Rc6 Kd7 47. Rc5 Kd6 48. h4 Rc1 49. h5 a5 50. Rxb5 Rxc3+ 51. Kd2 axb4
52. Rxb4 Rh3 53. Rb5 Ke6 54. Ke2 Kf6 55. f3 Rh2+ 56. Ke3 Rh4 57. Kf2 Rh1 58.
Kg3 Rc1 59. Kg4 Rc4+ 60. f4 Rc3 61. Rg5 Rc1 62. Rg6+ Kf7 63. Rb6 Kg7 64. Rb7+
Kh6 65. Rb6+ Kg7 66. Kg5 Rg1+ 67. Kf5 Rc1 68. Re6 Rc5+ 69. Kg4 Rc4 70. Kg5 Rc5+
71. f5 Ra5 72. Re7+ Kg8 73. Kg6 Kf8 74. Rf7+ Kg8 75. h6 Ra1 76. Rb7 Ra6+ 77. f6
Ra8 78. Re7 Kh8 79. Rh7+ 1-0

[Event "Albert Boxer Classic"]
[Site "Winnipeg CAN"]
[Date "2002.09.01"]
[Round "3.3"]
[White "Henson, Joshua"]
[Black "Lipnowski, Michael"]
[Result "1-0"]
[WhiteElo "2110"]
[BlackElo "1979"]
[PlyCount "53"]
[EventDate "2002.08.31"]
[EventType "swiss"]
[EventRounds "6"]
[EventCountry "CAN"]

1. d4 Nf6 2. c4 g6 3. f3 Bg7 4. e4 d6 5. Nc3 O-O 6. Bg5 Nbd7 7. Qd2 c6 8. Nge2
a6 9. g4 b5 10. Ng3 c5 11. d5 Ne5 12. Be2 Nxc4 13. Bxc4 bxc4 14. Bh6 Bxh6 15.
Qxh6 Rb8 16. O-O-O Qb6 17. Rd2 Nd7 18. Nf5 gxf5 19. gxf5 Ne5 20. Rg1+ Ng6 21.
fxg6 fxg6 22. Rxg6+ hxg6 23. Qxg6+ Kh8 24. Rg2 Bg4 25. Qh6+ Kg8 26. Rxg4+ Kf7
27. Qg6# 1-0

[Event "Albert Boxer Classic"]
[Site "Winnipeg CAN"]
[Date "2002.09.01"]
[Round "3.4"]
[White "Gentes, Kevin"]
[Black "Mu, Yuchen"]
[Result "1-0"]
[WhiteElo "2346"]
[BlackElo "1861"]
[PlyCount "53"]
[EventDate "2002.08.31"]
[EventType "swiss"]
[EventRounds "6"]
[EventCountry "CAN"]

1. d4 Nf6 2. c4 g6 3. Nf3 Bg7 4. Nc3 d6 5. Bf4 O-O 6. h3 Nbd7 7. e3 Re8 8. Be2
c6 9. O-O Qb6 10. Rb1 e5 11. Bh2 Kh8 12. b4 Ng8 13. Ne4 Qc7 14. c5 dxc5 15.
bxc5 Qa5 16. Nd6 Re7 17. Ng5 Nh6 18. Bc4 Kg8 19. Qb3 exd4 20. Bxf7+ Kh8 21. Be8
Qxc5 22. Ngf7+ Nxf7 23. Nxf7+ Rxf7 24. Qxf7 dxe3 25. Bxd7 Bxd7 26. Qxd7 e2 27.
Rfe1 1-0

[Event "Albert Boxer Classic"]
[Site "Winnipeg CAN"]
[Date "2002.09.01"]
[Round "3.5"]
[White "Cowdrey, Eric"]
[Black "Lipnowski, Irwin"]
[Result "0-1"]
[WhiteElo "1764"]
[BlackElo "2281"]
[PlyCount "141"]
[EventDate "2002.08.31"]
[EventType "swiss"]
[EventRounds "6"]
[EventCountry "CAN"]

1. d4 Nf6 2. c4 e6 3. Nf3 c5 4. Nc3 cxd4 5. Nxd4 Bb4 6. Bd2 Nc6 7. Nxc6 bxc6 8.
a3 Be7 9. e4 d6 10. Be2 O-O 11. O-O c5 12. f4 Rb8 13. Qc2 Bb7 14. Rae1 Nd7 15.
Bd3 g6 16. f5 Ne5 17. fxe6 fxe6 18. Bh6 Rxf1+ 19. Rxf1 Bf6 20. Bc1 Bg7 21. Be2
a6 22. Nd1 Qh4 23. Rf4 Qe7 24. Rf1 Bc6 25. Nc3 Rf8 26. Rxf8+ Qxf8 27. Qd2 h5
28. Qf4 Qe7 29. h3 Kh7 30. g4 hxg4 31. hxg4 Nf7 32. Qh2+ Kg8 33. Bd2 Bd4+ 34.
Kf1 Qf6+ 35. Ke1 Ne5 36. Qg2 g5 37. Kd1 Ng6 38. Kc2 Qe5 39. Kd1 Kg7 40. Kc2 Nf4
41. Bxf4 Qxf4 42. Bd3 Qe3 43. Nd1 Qe1 44. b3 a5 45. a4 Be5 46. Qd2 Qxd2+ 47.
Kxd2 Bd4 48. Nc3 Bxc3+ 49. Kxc3 Kf6 50. Kd2 Ke5 51. Ke3 Bd7 52. Be2 d5 53. cxd5
exd5 54. exd5 Kxd5 55. Bf3+ Ke5 56. Be2 Be6 57. Bd1 Bd5 58. Bc2 Bf7 59. Bd1 Be6
60. Kd3 Kf4 61. Kc3 Bxg4 62. Bxg4 Kxg4 63. Kc4 Kf4 64. Kxc5 g4 65. Kb5 g3 66.
Kxa5 g2 67. b4 g1=Q 68. b5 Qa7+ 69. Kb4 Ke5 70. a5 Kd4 71. Kb3 0-1

[Event "Albert Boxer Classic"]
[Site "Winnipeg CAN"]
[Date "2002.09.01"]
[Round "3.6"]
[White "Aldrich, Don"]
[Black "Miller, Mark"]
[Result "1-0"]
[WhiteElo "1968"]
[BlackElo "1859"]
[PlyCount "37"]
[EventDate "2002.08.31"]
[EventType "swiss"]
[EventRounds "6"]
[EventCountry "CAN"]

1. e4 c5 2. Nf3 d6 3. d4 cxd4 4. Nxd4 Nf6 5. Nc3 a6 6. Be3 e6 7. f3 b5 8. Qd2
Bb7 9. g4 Nfd7 10. O-O-O Nb6 11. e5 N8d7 12. exd6 b4 13. Ne4 Nd5 14. Bc4 N7b6
15. Bxd5 Nxd5 16. Bg5 Qa5 17. Nb3 Qxa2 18. Qxb4 Bc6 19. Rxd5 1-0

[Event "Albert Boxer Classic"]
[Site "Winnipeg CAN"]
[Date "2002.09.01"]
[Round "3.8"]
[White "Kaptsan, Aron"]
[Black "Katona, John"]
[Result "1/2-1/2"]
[WhiteElo "2169"]
[BlackElo "1797"]
[PlyCount "68"]
[EventDate "2002.08.31"]
[EventType "swiss"]
[EventRounds "6"]
[EventCountry "CAN"]
[Source "ChessBase"]
[SourceDate "2002.11.25"]

1. d4 Nf6 2. c4 g6 3. Nc3 Bg7 4. e4 d6 5. Be2 O-O 6. Nf3 e5 7. O-O Nc6 8. d5
Ne7 9. Ne1 Ne8 10. Be3 f5 11. f3 f4 12. Bf2 g5 13. Nd3 Ng6 14. Rc1 Rf7 15. c5
Bf8 16. b4 a6 17. cxd6 cxd6 18. Na4 Nf6 19. Nb6 Rb8 20. Nxc8 Rxc8 21. Rxc8 Qxc8
22. Qb1 g4 23. Rc1 Qd7 24. Qc2 g3 25. hxg3 fxg3 26. Bxg3 Nh5 27. Be1 Ngf4 28.
Bf1 Rg7 29. Qc8 Qa4 30. Rc7 Rxc7 31. Qxc7 Qxa2 32. g4 Nxd3 33. Bxd3 Nf4 34. Bf1
Ne2+ 1/2-1/2

[Event "Albert Boxer Classic"]
[Site "Winnipeg CAN"]
[Date "2002.09.01"]
[Round "3.9"]
[White "Strub, Michael"]
[Black "Khedkar, Jay"]
[Result "1-0"]
[WhiteElo "1781"]
[BlackElo "1935"]
[PlyCount "49"]
[EventDate "2002.08.31"]
[EventType "swiss"]
[EventRounds "6"]
[EventCountry "CAN"]

1. d4 Nf6 2. c4 g6 3. g3 Bg7 4. Bg2 O-O 5. e4 d6 6. Ne2 c5 7. d5 a6 8. Nbc3
Nbd7 9. f4 Rb8 10. Qd3 b5 11. cxb5 axb5 12. Nxb5 Ba6 13. a4 Qa5+ 14. Bd2 Bxb5
15. Qa3 Qxa4 16. Qxa4 Bxa4 17. Rxa4 Rxb2 18. Bc3 Rb1+ 19. Kd2 Rxh1 20. Bxh1 Rb8
21. Bf3 h5 22. Ra7 Kf8 23. e5 dxe5 24. fxe5 Nxe5 25. Bxe5 1-0

[Event "Albert Boxer Classic"]
[Site "Winnipeg CAN"]
[Date "2002.09.01"]
[Round "3.10"]
[White "Boron, Anthony"]
[Black "Proulx, Roy"]
[Result "1/2-1/2"]
[WhiteElo "1925"]
[BlackElo "1730"]
[PlyCount "26"]
[EventDate "2002.08.31"]
[EventType "swiss"]
[EventRounds "6"]
[EventCountry "CAN"]

1. d4 e6 2. Nf3 d5 3. e3 Nf6 4. Bd3 Nbd7 5. O-O Bd6 6. b3 e5 7. dxe5 Nxe5 8.
Nbd2 Nxd3 9. cxd3 O-O 10. Bb2 Bf5 11. e4 dxe4 12. dxe4 Nxe4 13. Nxe4 Bxe4
1/2-1/2

[Event "Albert Boxer Classic"]
[Site "Winnipeg CAN"]
[Date "2002.09.01"]
[Round "3.11"]
[White "Gilbert, Nathan"]
[Black "Lauritson, Jim"]
[Result "1/2-1/2"]
[WhiteElo "1720"]
[BlackElo "1947"]
[PlyCount "69"]
[EventDate "2002.08.31"]
[EventType "swiss"]
[EventRounds "6"]
[EventCountry "CAN"]

1. d4 f5 2. c4 Nf6 3. Nf3 g6 4. Nc3 Bg7 5. h4 d6 6. Bf4 c6 7. e3 Qb6 8. Qe2 Na6
9. h5 Nxh5 10. Rxh5 gxh5 11. Ng5 Kd7 12. c5 Qd8 13. Nf7 Qe8 14. Nxh8 Bxh8 15.
O-O-O d5 16. Na4 Nc7 17. Qf3 Qg6 18. Bd3 Kd8 19. Rh1 Qg4 20. Qh3 Qxh3 21. Rxh3
Ne6 22. Bh6 Bg7 23. Rxh5 Bxh6 24. Rxh6 Nf8 25. Nc3 Ke8 26. a4 Kf7 27. b4 Kg7
28. Rh1 a6 29. Ne2 Ng6 30. Ng3 e6 31. Nh5+ Kf7 32. Nf4 Nxf4 33. exf4 Kg7 34. a5
Bd7 35. g4 1/2-1/2

[Event "Albert Boxer Classic"]
[Site "Winnipeg CAN"]
[Date "2002.09.01"]
[Round "3.14"]
[White "Federkevic, Danny"]
[Black "Conway, Edward J"]
[Result "1-0"]
[WhiteElo "2009"]
[BlackElo "1645"]
[PlyCount "63"]
[EventDate "2002.08.31"]
[EventType "swiss"]
[EventRounds "6"]
[EventCountry "CAN"]

1. e4 e5 2. Nf3 Nc6 3. Bb5 a6 4. Ba4 d6 5. O-O Nf6 6. Re1 b5 7. Bb3 Be7 8. c3
O-O 9. h3 Nb8 10. d4 Nbd7 11. Nbd2 Bb7 12. Bc2 Ne8 13. Nf1 Bf6 14. Ng3 g6 15.
Nh2 Bg7 16. f4 exf4 17. Bxf4 c5 18. Nf3 Nb6 19. Qe2 d5 20. dxc5 dxe4 21. Bxe4
Bxe4 22. Nxe4 Na4 23. Rad1 Qc8 24. Bd6 Nxd6 25. cxd6 Qe6 26. b3 Qxe4 27. Qxe4
Nxc3 28. Qd3 Nxd1 29. Qxd1 Rfd8 30. d7 Bf8 31. Qd5 Ra7 32. Ne5 1-0

[Event "Albert Boxer Classic"]
[Site "Winnipeg CAN"]
[Date "2002.09.01"]
[Round "3.16"]
[White "Shome, Devarshi"]
[Black "Gannon, Keith"]
[Result "1-0"]
[WhiteElo "1500"]
[BlackElo "1552"]
[PlyCount "89"]
[EventDate "2002.08.31"]
[EventType "swiss"]
[EventRounds "6"]
[EventCountry "CAN"]

1. e4 b6 2. d4 e6 3. Nf3 Bb7 4. Bd3 c5 5. Be3 d6 6. O-O Nf6 7. Nbd2 Be7 8. c3
O-O 9. Bb1 Nbd7 10. Qc2 e5 11. dxe5 dxe5 12. Re1 Ng4 13. Nc4 Nxe3 14. Rxe3 Qc7
15. a4 Ba6 16. Nfd2 Rad8 17. Rh3 Nf6 18. f4 Bxc4 19. Nxc4 Qd7 20. Kf2 Ng4+ 21.
Kf3 f6 22. Ba2 Kh8 23. Re1 exf4 24. e5 Nh6 25. exf6 Bxf6 26. Bb1 Qd5+ 27. Kf2
Ng4+ 28. Kg1 Bd4+ 29. cxd4 Qxd4+ 30. Kf1 Ne3+ 31. Nxe3 fxe3+ 32. Rf3 Qh4 33.
Rexe3 Qxh2 34. Kf2 Qh4+ 35. Ke2 Qh5 36. Qc4 Rde8 37. Kf2 Rxf3+ 38. Rxf3 Rd8 39.
Rh3 Qf7+ 40. Rf3 Qg8 41. Kg1 Rd4 42. Qc2 a6 43. Rf8 Rd1+ 44. Kh2 Rd8 45. Qxh7#
1-0

[Event "Albert Boxer Classic"]
[Site "Winnipeg CAN"]
[Date "2002.09.01"]
[Round "3.18"]
[White "Gibbons, Lorne"]
[Black "Ford, Dana"]
[Result "1-0"]
[WhiteElo "1227"]
[BlackElo "1182"]
[PlyCount "81"]
[EventDate "2002.08.31"]
[EventType "swiss"]
[EventRounds "6"]
[EventCountry "CAN"]

1. d4 Nf6 2. c4 e6 3. a3 g6 4. Nc3 Bg7 5. Bf4 a6 6. Nf3 O-O 7. Qd2 b5 8. cxb5
Nd5 9. Nxd5 exd5 10. bxa6 Bxa6 11. Qa5 Bb7 12. Qxc7 Qxc7 13. Bxc7 Nc6 14. e3
Rfe8 15. Bb5 Bxd4 16. O-O Bxb2 17. Rad1 Bxa3 18. Rxd5 Re7 19. Rfd1 Rc8 20. Bf4
Nb4 21. Rxd7 Rxd7 22. Bxd7 Rd8 23. Ne5 Nd5 24. Bc6 Bxc6 25. Nxc6 Rd7 26. Ne5
Rb7 27. Nc4 Nxf4 28. Nxa3 Ne6 29. g3 Ng5 30. Rb1 Nf3+ 31. Kg2 Rxb1 32. Nxb1 Ne5
33. Nd2 Kg7 34. f4 Ng4 35. Nc4 f5 36. h3 Nf6 37. Ne5 h5 38. Kf3 Kh6 39. g4
hxg4+ 40. hxg4 g5 41. Nf7+ 1-0

[Event "Albert Boxer Classic"]
[Site "Winnipeg CAN"]
[Date "2002.09.01"]
[Round "4"]
[White "Lipnowski, Samuel"]
[Black "Henson, Joshua"]
[Result "0-1"]
[WhiteElo "2039"]
[BlackElo "2110"]
[PlyCount "84"]
[EventDate "2002.08.31"]
[EventType "swiss"]
[EventRounds "6"]
[EventCountry "CAN"]

1. e4 e6 2. d4 d5 3. Nc3 Nf6 4. e5 Nfd7 5. f4 c5 6. Nf3 a6 7. Be3 Qb6 8. a3 Nc6
9. Na4 Qa7 10. dxc5 Nxc5 11. b4 d4 12. Nxc5 Bxc5 13. Bf2 Bb6 14. Bd3 Bd7 15.
O-O Rd8 16. Ng5 h5 17. Bh4 Ne7 18. Ne4 Nf5 19. Bxd8 Bxd8 20. Nd6+ Nxd6 21. exd6
Bc6 22. Qe2 Bf6 23. Rad1 Qb6 24. Kh1 Qd8 25. b5 axb5 26. Bxb5 Qd7 27. a4 h4 28.
h3 O-O 29. Qh5 Rd8 30. Qc5 Rc8 31. Bxc6 Rxc6 32. Qb5 g6 33. Rb1 b6 34. Qd3 Qxd6
35. Rb3 Kg7 36. Qe4 Qc5 37. Rc1 Qc4 38. Ra3 Rc5 39. Qd3 Qb4 40. Rb3 Qxa4 41.
Rxb6 Rc3 42. Qd2 Qa5 0-1

[Event "Albert Boxer Classic"]
[Site "Winnipeg CAN"]
[Date "2002.09.01"]
[Round "4.2"]
[White "Schulz, Waldemar"]
[Black "Gentes, Kevin"]
[Result "0-1"]
[WhiteElo "2036"]
[BlackElo "2346"]
[PlyCount "92"]
[EventDate "2002.08.31"]
[EventType "swiss"]
[EventRounds "6"]
[EventCountry "CAN"]
[Source "ChessBase"]
[SourceDate "2002.11.25"]

1. Nf3 Nf6 2. c4 b6 3. d4 e6 4. g3 Ba6 5. Qc2 Bb7 6. Bg2 Be4 7. Qd1 Bb4+ 8. Bd2
a5 9. O-O O-O 10. Nc3 Bb7 11. Rc1 d5 12. Ne5 c6 13. a3 Be7 14. cxd5 exd5 15.
Na4 Nfd7 16. Nd3 Bf6 17. Be3 Re8 18. Qd2 Nf8 19. Nf4 Nbd7 20. Rc2 Be7 21. Rfc1
b5 22. Nc5 Nxc5 23. dxc5 Bc8 24. b4 Bf5 25. Ra2 a4 26. Bh3 Bxh3 27. Nxh3 Ng6
28. Bd4 Bf8 29. Nf4 Nxf4 30. Qxf4 Re4 31. Qd2 Qd7 32. Re1 Qh3 33. f3 Re6 34. e3
Rae8 35. Qd3 Rg6 36. Rd2 Qh5 37. Qf1 Qf5 38. Rg2 Rge6 39. Rd2 g6 40. Qf2 Bh6
41. f4 Re4 42. Kg2 Bg7 43. Rde2 R4e7 44. Rd2 Qe4+ 45. Qf3 Bxd4 46. Rxd4 Qc2+
0-1